00352nam a2200133Ia 4500008004100000020001500041041001200056082001600068100001700084245005200101260004900153300000800202650000800210221030s9999 xx 000 0 und d a8122416071 aEnglish a105.23bGul aR. R. Gulati 0aMonochrome & Colour Televisioncby R. R. Gulati bNew Age International Pub.aNew Delhic2006 a688 aECE